Химическое строение углеводородов и закономерности в их физико-химических свойствах

Opis bibliograficzny
1. autor: Татевский В. М.
Język:rosyjski
Wydane: Москва, Изд-во Московского ун-та, 1953
Hasła przedmiotowe:
Format: MixedMaterials Książka
KOHA link:https://koha.lib.tpu.ru/cgi-bin/koha/opac-detail.pl?biblionumber=131056

MARC

LEADER 00000nam0a2200000 4500
001 131056
005 20231101220300.0
035 |a (RuTPU)RU\TPU\book\141940 
090 |a 131056 
100 |a 20080212d1953 m y0rusy50 ca 
101 0 |a rus 
102 |a RU 
105 |a a z 001zy 
200 1 |a Химическое строение углеводородов и закономерности в их физико-химических свойствах  |f В. М. Татевский 
210 |a Москва  |c Изд-во Московского ун-та  |d 1953 
215 |a 320 с.  |c ил. 
320 |a Библиография в конце глав. 
606 1 |a Углеводороды  |x Физико-химические свойства  |x (химия)  |2 stltpush  |3 (RuTPU)RU\TPU\subj\75987  |9 87468 
610 1 |a химическое строение 
675 |a 547.2/.3:544  |v 3 
700 1 |a Татевский  |b В. М. 
801 1 |a RU  |b 63413507  |c 20080212  |g PSBO 
801 2 |a RU  |b 63413507  |c 20210531  |g PSBO 
942 |c BK